| Tag |
First Indicator |
Second Indicator |
Subfields |
| LEADER |
00000cam a2200000Ii 4500 |
| 001 |
in00002739921 |
| 005 |
20211120164107.0 |
| 006 |
m o d f |
| 007 |
cr cn||||||||| |
| 008 |
120210m20112016oruab ob f000 0 eng d |
| 035 |
|
|
|a (OCoLC)ocn775771158
|
| 040 |
|
|
|a GPO
|b eng
|e rda
|e pn
|c GPO
|d OCLCF
|d OCLCQ
|d GPO
|d MvI
|
| 049 |
|
|
|a WWW
|
| 074 |
|
|
|a 0083-B-06 (online)
|
| 086 |
0 |
|
|a A 13.88:PNW-GTR-854
|
| 086 |
0 |
|
|a A 13.88:PNW-GTR-891
|
| 245 |
0 |
0 |
|a Synthesis of knowledge of extreme fire behavior /
|c Paul A. Werth [and twelve others].
|
| 264 |
|
1 |
|a Portland, OR :
|b U.S. Dept. of Agriculture, Forest Service, Pacific Northwest Research Station,
|c 2011-2016.
|
| 300 |
|
|
|a 1 online resource (2 volumes) :
|b illustrations (some color), maps (some color).
|
| 336 |
|
|
|a text
|b txt
|2 rdacontent
|
| 337 |
|
|
|a computer
|b c
|2 rdamedia
|
| 338 |
|
|
|a online resource
|b cr
|2 rdacarrier
|
| 490 |
1 |
|
|a General technical report PNW ;
|v GTR-854
|
| 500 |
|
|
|a Title from title screen, volume 1 (viewed on February 10, 2012); volume 2 (viewed on June 1, 2016).
|
| 500 |
|
|
|a [Volume 1] "November, 2011", [volume 2] "March 2016."
|
| 500 |
|
|
|a "A summary of knowledge from the Joint Fire Science Program."--Volume 1 cover.
|
| 504 |
|
|
|a Includes bibliographical references.
|
| 650 |
|
0 |
|a Wildfires.
|
| 650 |
|
0 |
|a Wildfires
|x Prevention and control.
|
| 650 |
|
0 |
|a Fire management.
|
| 650 |
|
0 |
|a Wildfire forecasting.
|
| 650 |
|
7 |
|a Fire management.
|2 fast
|0 (OCoLC)fst00925455
|
| 650 |
|
7 |
|a Wildfire forecasting.
|2 fast
|0 (OCoLC)fst01175214
|
| 650 |
|
7 |
|a Wildfires.
|2 fast
|0 (OCoLC)fst01175216
|
| 650 |
|
7 |
|a Wildfires
|x Prevention and control.
|2 fast
|0 (OCoLC)fst01175223
|
| 700 |
1 |
|
|a Werth, Paul A.,
|e author.
|
| 710 |
2 |
|
|a Pacific Northwest Research Station (Portland, Or.),
|e issuing body.
|
| 710 |
2 |
|
|a Joint Fire Science Program (U.S.)
|
| 776 |
0 |
8 |
|i Print version:
|t Synthesis of knowledge of extreme fire behavior.
|w (OCoLC)772651716
|
| 830 |
|
0 |
|a General technical report PNW ;
|v 854.
|
| 830 |
|
0 |
|a General technical report PNW ;
|v 891.
|
| 856 |
4 |
0 |
|u https://purl.fdlp.gov/GPO/gpo18859
|t 0
|
| 999 |
f |
f |
|s 5c2f9c16-9bb0-36ca-a690-60c9fcf3c0d6
|i a5266c30-532c-3e94-88c4-81aab359e3aa
|t 0
|
| 952 |
f |
f |
|a Texas A&M University
|b College Station
|c Electronic Resources
|d Available Online
|t 0
|e A 13.88:PNW-GTR-854
|h Superintendent of Documents classification
|
| 998 |
f |
f |
|a A 13.88:PNW-GTR-854
|t 0
|l Available Online
|